00745nam a2200217 i 4500001000700000003000900007007000300016008004100019080001000060100003500070245005200105250001200157260003200169300003000201490005000231650002900281830005800310852002100368999001900389952011900408115537ES-MaACLt|070315q1922 sp ||||1| spa d a544.61 aFerrer Dalmau, Eugenio.95045210aElectroquímica / cpor Eugenio Ferrer Dalmau. a2ª ed. aMadrid : bCalpe, c[1992?] a167 p. : bil. ; c17 cm.1 aBiblioteca del electricista práctico ; v2114aElectroquímica.9121680 aBiblioteca del electricista práctico ; v219186267 aES-MaACLjB-3754 c115537d115537 00104070aATENEOMbATENEOMcSPBd2008-01-17eSCl0oB-3754p1120469r2023-02-23 00:00:00w2023-02-23yMONOGRAFIA